000 00397nam a2200157Ia 4500
008 240729s9999 xx 000 0 und d
022 _a1333-4875
245 0 _aGeologia Croatica
260 _aCroatia
260 _bCroatian Geological Survey
650 _a Geology
650 _aScience
856 _uhttps://doaj.org/toc/bf81561f238442ce91bdf198283fbfe9
942 _2ddc
942 _cDOAJEJ
999 _c73071
_d73071
945 _a1
_bMadushi Gamage
_c1
_dMadushi Gamage